Most Popular Songs in USA 8/24/2024 - Statistics

General Stats
  • This quiz has been taken 10 times
  • The average score is 8 of 15
Answer Stats
Rank Artist (Version) Answer Streams Radio Airplay Sales % Correct
5. Billie Eilish Birds Of A Feather 23.7 Million 36.2 Million 8 Thousand
90%
4. Sabrina Carpenter Espresso 19.8 Million 64.4 Million 3 Thousand
90%
11. Benson Boone Beautiful Things 17.5 Million 46.9 Million 3.5 Thousand
80%
3. Kendrick Lamar Not Like Us 27.2 Million 50.3 Million 3.5 Thousand
80%
8. Sabrina Carpenter Please Please Please 20.2 Million 38.2 Million 2.5 Thousand
80%
1. Shaboozey A Bar Song (Tipsy) 33.2 Million 89.1 Million 12 Thousand
70%
7. Chappell Roan Good Luck, Babe! 22.7 Million 36.3 Million 4 Thousand
70%
9. Teddy Swims Lose Control 19.8 Million 51.4 Million 4 Thousand
70%
10. Hozier Too Sweet 15.5 Million 62.6 Million 4 Thousand
50%
6. Tommy Richman Million Dollar Baby 20.3 Million 63.8 Million 2.5 Thousand
40%
12. Morgan Wallen, ERNEST Cowgirls 14.7 Million 28.9 Million 2 Thousand
30%
2. Post Malone, Kendrick Lamar I Had Some Help 27.8 Million 74.7 Million 6.5 Thousand
30%
14. Zach Bryan Pink Skies 18.8 Million 1.3 Million 3 Thousand
30%
15. Morgan Wallen Lies Lies Lies 17.2 Million 9.4 Million 2.5 Thousand
20%
13. Luke Combs Ain't No Love in Oklahoma 14.6 Million 24.4 Million 4.5 Thousand
10%
No matching quizzes found
Score Distribution
Percent of People with Each Score
Percentile by Number Answered
Your Score History
You have not taken this quiz